[Event "COL-ch sf"]
[Site "Pereira"]
[Date "2024.03.27"]
[Round "4"]
[White "Aponte Castillo, Ernesto"]
[Black "Paniagua Paniagua, Fabio de Jesus"]
[Result "0-1"]
[WhiteElo "2008"]
[BlackElo "1722"]
[PlyCount "88"]
[EventDate "2024.03.26"]
[EventType "swiss"]
[EventRounds "11"]
[EventCountry "COL"]
[SourceTitle "CB14_2024"]
[SourceDate "2024.04.01"]
[SourceVersion "1"]
[SourceVersionDate "2024.04.01"]
[SourceQuality "1"]

1. d4 Nf6 2. c4 e6 3. Nc3 Bb4 4. e3 0-0 5. Nge2 d5 6. a3 Be7 7. cxd5 exd5 8. g3 Nbd7 9. Bg2 c6 10. 0-0 Re8 11. b3 Nf8 12. Bb2 Bf5 13. f3 h6 14. Qd2 Qb6 15. b4 Rad8 16. g4 Bh7 17. h3 Rd7 18. e4 dxe4 19. fxe4 Qd8 20. e5 Nd5 21. Nxd5 cxd5 22. Nc3 Bg5 23. Qf2 Bg6 24. Qf3 f6 25. exf6 Be3+ 26. Kh1 Bxd4 27. fxg7 Bxg7 28. Rae1 Ne6 29. Qf2 Bd3 30. Bxd5 Rxd5 31. Qf7+ Kh8 32. Rxe6 Rxe6 33. Qxe6 Re5 34. Qf7 Bxf1 35. Qxf1 Qe8 36. Qd3 Re3 37. Qf5 Rxh3+ 38. Kg2 Re3 39. Qc5 Qe6 40. Kf2 Rd3 41. g5 Rd2+ 42. Kf3 Rxb2 43. Ne4 h5 44. Nf6 Qc6+ 0-1